Concepts of physical fitness active lifestyles for wellness

Lifestyles for health, wellness, and fitness -- An introduction to physical activity -- The physical activity pyramid -- Physical activity : special considerations -- Nutrition and body composition -- Stress management -- Making informed choices

Bewaard in:
Bibliografische gegevens
Andere auteurs: Corbin, Charles B.
Formaat: Boek
Taal:English
Gepubliceerd in: New York London McGraw-Hill Higher Education 2011
Editie:16th ed. / Charles B. Corbin ... [et al.].
Onderwerpen:
Tags: Voeg label toe
Geen labels, Wees de eerste die dit record labelt!
Thư viện lưu trữ: Mạng thư viện Đại học Đà Nẵng
LEADER 01532nam a2200361 4500
001 000021386
003 17834
005 20150420100437.0
008 150420s2011 engsd
020 |a 0073523828 (pbk)  |a 9780073523828 (pbk) 
041 0 |a eng 
082 0 0 |a 613.71|222  |b Con 
100 1 |q (George Brooks) 
245 0 0 |a Concepts of physical fitness  |b active lifestyles for wellness  |c Charles B. Corbin ... [et al.]. 
250 |a 16th ed. / Charles B. Corbin ... [et al.]. 
260 |a New York  |a London  |b McGraw-Hill Higher Education  |c 2011 
300 |a xx, 436, 10, 12 p.  |b col. ill., col. ports.  |c 28 cm. 
504 |a Includes bibliographical references and index. 
520 3 |a Lifestyles for health, wellness, and fitness -- An introduction to physical activity -- The physical activity pyramid -- Physical activity : special considerations -- Nutrition and body composition -- Stress management -- Making informed choices 
650 0 |a Physical fitness 
653 |a Y học 
700 1 |a Corbin, Charles B. 
700 1 |q (Jim L.)  |q (Emily Ann) 
OWN |a LSP 
AVA |a UDN50  |b LSP  |d 613.71|222 Con  |e available  |t Error 5001 Not defined in file expand_doc_bib_avail.  |f 2  |g 0  |h N  |i 0  |k 1 
999 |a From the UDN01 
AVA |a UDN50  |b LSP  |d 613.71|222 Con  |e available  |t Error 5001 Not defined in file expand_doc_bib_avail.  |f 2  |g 0  |h N  |i 0  |k 1 
TYP |a Monograph 
TYP |a Printed language 
980 |a Mạng thư viện Đại học Đà Nẵng